| 000 | 00585nam a22002177a 4500 | ||
|---|---|---|---|
| 003 | OSt | ||
| 005 | 20140310181917.0 | ||
| 008 | 130716t xxu||||| |||| 00| 0 eng d | ||
| 020 | _a8171674283 | ||
| 050 |
_aGR 305 _b.G942 2004 |
||
| 082 |
_aTR 398.2 _bG93 2004 |
||
| 100 |
_aGuha, Tapas _91059 |
||
| 245 |
_aIndian folktales and legends / _cTapas Guha. |
||
| 260 |
_aNew Delhi : _bRupa.Co, _cc2004. |
||
| 300 |
_a128 p. : _c19 cm. |
||
| 521 | _aFaculty | ||
| 541 | _j1 | ||
| 562 | _e1 | ||
| 650 | _2Indians of North America--Folklore. | ||
| 942 |
_2lcc _cBK-TR _kTR |
||
| 999 |
_c6792 _d6792 |
||